Central Library OPAC University of Rajshahi

Soviet Tajikistan / (Record no. 27073)

MARC details
000 -LEADER
fixed length control field 00904nam a2200289 a 4500
001 - CONTROL NUMBER
control field 27073
003 - CONTROL NUMBER IDENTIFIER
rucl marc code BD-RjUL
005 - DATE AND TIME OF LATEST TRANSACTION
control field 20211209051117.0
008 - FIXED-LENGTH DATA ELEMENTS--GENERAL INFORMATION
fixed length control field 140324s1954 ru abc 000 0 eng u
035 ## - SYSTEM CONTROL NUMBER
System control number (BD-RjUL )27144
System control number (OCoLC)00250371
System control number (CStRLIN)CSUXAMJ9805-B
040 ## - CATALOGING SOURCE
Original cataloging agency DLCBD-RjUL
Language of cataloging eng
Transcribing agency OUN
Modifying agency m/c
-- HIN
-- BD-RjUL
041 1# - LANGUAGE CODE
Language code of text/sound track or separate title eng
Language code of original rus
082 04 - DEWEY DECIMAL CLASSIFICATION NUMBER
Classification number 915.8604
Author mark and year LUS 1954
100 1# - MAIN ENTRY--PERSONAL NAME
Personal name Luknit͡skiĭ, Pavel,
Dates associated with a name 1900-1973.
9 (RLIN) 83146
245 10 - TITLE STATEMENT
Title Soviet Tajikistan /
Statement of responsibility, etc. Pavel Luknitsky.
246 15 - VARYING FORM OF TITLE
Title proper/short title Sovetskiĭ Tadzhikistan
260 ## - PUBLICATION, DISTRIBUTION, ETC. (IMPRINT)
Place of publication, distribution, etc. Moscow :
Name of publisher, distributor, etc. Foreign Languages Pub. House,
Date of publication, distribution, etc. 1954.
300 ## - PHYSICAL DESCRIPTION
Pagination 254 p. :
Illustrations ill., ports., maps (1 fold., 1 col.),
Size 23 cm.
651 #0 - SUBJECT ADDED ENTRY--GEOGRAPHIC NAME
Geographic name Tajikistan
General subdivision Description and travel.
9 (RLIN) 83147
Geographic name Communism
Geographic subdivision Tajikistan
General subdivision History.
9 (RLIN) 83148
942 ## - ADDED ENTRY ELEMENTS (KOHA)
Source of classification or shelving scheme Dewey Decimal Classification
Koha item type Books
Holdings
Lost status Source of classification or shelving scheme Damaged status Not for loan Collection code Permanent Location Current Location Shelving location Date acquired Source of acquisition Total Checkouts Full call number Date last seen Copy number Koha item type
  Dewey Decimal Classification   Added to bundle Non-fiction Central Library, University of Rajshahi Central Library, University of Rajshahi Reading Room 25/09/1958 USSR, Central Karachi, Gift.   915.8604 LUS 1954 24/03/2014 C-1 Books